| 000 | 00448 a2200169 4500 | ||
|---|---|---|---|
| 003 | OSt | ||
| 005 | 20180116182712.0 | ||
| 008 | 160817b xxu||||| |||| 00| 0 eng d | ||
| 040 | _c0 | ||
| 082 | _a650.0151 | ||
| 100 | _aAbdullah,Muhammad | ||
| 245 |
_aBusiness Mathematics and Statistics. _cMuhammad Abdullah. |
||
| 260 |
_aFaisalabad _bNew Kitab Markaz _c2000 |
||
| 300 | _a373p | ||
| 500 | _aPaper cover | ||
| 942 |
_aNBS _cBK _k650.0151 ABD _2ddc |
||
| 999 |
_c344418 _d344418 |
||